00245nam a2200109Ia 4500008004100000100002400041245001600065260001700081650001300098942000700111999001700118190216s9999||||xx |||||||||||||| ||und|| aGopinathan Nair T N 0aPinne Kanam bNbs Kottayam aKathakal cBK c24038d24038